[Event "DVM U20 2019"]
[Site "Braunschweig GER"]
[Date "2019.12.28"]
[Round "3"]
[White "Schamschurko, André"]
[Black "Verfürth, Kevin"]
[Result "0-1"]
[Termination "normal"]
[Board "8.3"]
[WhiteElo "1868"]
[BlackElo "2038"]
[WhiteClock "00:23:57"]
[BlackClock "00:33:08"]
[WhiteTeam "USV TU Dresden"]
[BlackTeam "Schachklub Turm Kleve 1974 e. V."]
[PlyCount "111"]
[WhiteFideId "24695670"]
[BlackFideId "12954829"]
[EventCountry "GER"]
[EventRounds "7"]
[EventType "team-swiss"]
[EventDate "2019.12.26"]

1. e4 {[%clk 1:30:57]} c5 {[%clk 1:30:49]} 2. Nc3 {[%clk 1:31:22]} g6 {[%clk
1:31:09]} 3. f4 {[%clk 1:31:46]} Bg7 {[%clk 1:31:34]} 4. Nf3 {[%clk 1:32:13]}
Nc6 {[%clk 1:31:56]} 5. Bb5 {[%clk 1:32:38]} Nd4 {[%clk 1:31:25]} 6. d3 {[%clk
1:32:21]} Nxb5 {[%clk 1:21:31]} 7. Nxb5 {[%clk 1:32:44]} d6 {[%clk 1:11:58]} 8.
O-O {[%clk 1:31:19]} a6 {[%clk 1:08:28]} 9. Nc3 {[%clk 1:31:01]} b5 {[%clk
1:08:41]} 10. Qe1 {[%clk 1:28:47]} b4 {[%clk 1:07:08]} 11. Ne2 {[%clk 1:27:47]}
Nf6 {[%clk 0:50:14]} 12. Kh1 {[%clk 1:24:20]} Bg4 {[%clk 0:46:12]} 13. Neg1
{[%clk 1:16:58]} O-O {[%clk 0:45:10]} 14. Qh4 {[%clk 1:14:58]} Qc8 {[%clk
0:42:41]} 15. h3 {[%clk 1:05:00]} Bd7 {[%clk 0:35:00]} 16. Ne2 {[%clk 1:02:32]}
c4 {[%clk 0:34:50]} 17. e5 {[%clk 0:55:41]} cxd3 {[%clk 0:32:47]} 18. cxd3
{[%clk 0:55:08]} Nd5 {[%clk 0:32:31]} 19. Ned4 {[%clk 0:49:45]} Bb5 {[%clk
0:29:49]} 20. Nxb5 {[%clk 0:46:31]} axb5 {[%clk 0:30:18]} 21. d4 {[%clk
0:46:33]} Rxa2 {[%clk 0:27:55]} 22. Rxa2 {[%clk 0:42:55]} Qc4 {[%clk 0:28:23]}
23. Re1 {[%clk 0:42:25]} Qxa2 {[%clk 0:28:46]} 24. f5 {[%clk 0:40:47]} Qb1
{[%clk 0:25:19]} 25. Bg5 {[%clk 0:24:35]} Qxf5 {[%clk 0:25:11]} 26. Bxe7 {[%clk
0:24:59]} Nxe7 {[%clk 0:24:31]} 27. Qxe7 {[%clk 0:25:22]} dxe5 {[%clk 0:24:31]}
28. Nxe5 {[%clk 0:25:22]} Bxe5 29. dxe5 {[%clk 0:20:38]} b3 {[%clk 0:22:21]}
30. Qf6 {[%clk 0:16:39]} Qd7 {[%clk 0:15:38]} 31. Qd6 {[%clk 0:12:52]} Rd8
{[%clk 0:14:11]} 32. Qxd7 {[%clk 0:05:46]} Rxd7 {[%clk 0:14:40]} 33. Re3 {[%clk
0:05:52]} Re7 {[%clk 0:15:00]} 34. Kg1 {[%clk 0:05:49]} Re6 {[%clk 0:10:10]}
35. Kf2 {[%clk 0:04:56]} f6 {[%clk 0:09:48]} 36. exf6 {[%clk 0:04:36]} Rxe3
{[%clk 0:10:12]} 37. Kxe3 {[%clk 0:04:56]} Kf7 {[%clk 0:10:41]} 38. Kd4 {[%clk
0:05:12]} Kxf6 {[%clk 0:11:10]} 39. Kc5 {[%clk 0:04:18]} Kf5 {[%clk 0:11:32]}
40. Kxb5 {[%clk 0:04:41]} Kf4 {[%clk 0:11:54]} 41. Kc4 {[%clk 0:05:07]} Kg3
{[%clk 0:12:15]} 42. Kxb3 {[%clk 0:05:27]} Kxg2 {[%clk 0:12:36]} 43. Kc3 {[%clk
0:05:47]} Kxh3 {[%clk 0:12:33]} 44. b4 {[%clk 0:05:54]} g5 {[%clk 0:12:58]} 45.
b5 {[%clk 0:06:21]} g4 {[%clk 0:13:23]} 46. b6 {[%clk 0:06:48]} g3 {[%clk
0:13:44]} 47. b7 {[%clk 0:07:14]} g2 {[%clk 0:14:10]} 48. b8=Q {[%clk 0:07:32]}
g1=Q {[%clk 0:14:30]} 49. Qc8+ {[%clk 0:05:55]} Qg4 {[%clk 0:12:45]} 50. Qb7
{[%clk 0:06:02]} Qg3+ {[%clk 0:12:13]} 51. Kd4 {[%clk 0:05:23]} h5 {[%clk
0:05:46]} 52. Qh1+ {[%clk 0:03:49]} Kg4 {[%clk 0:06:07]} 53. Qd1+ {[%clk
0:26:32]} Kg5 {[%clk 0:36:35]} 54. Qa1 {[%clk 0:25:15]} h4 {[%clk 0:35:43]} 55.
Ke4 {[%clk 0:24:23]} Qf4+ {[%clk 0:33:08]} 56. Kd3 {[%clk 0:23:57]} *

[Event "DVM U20 2019"]
[Site "Braunschweig GER"]
[Date "2019.12.28"]
[Round "4"]
[White "Engel, Luis"]
[Black "Goldbeck, Lars"]
[Result "1-0"]
[Termination "normal"]
[Board "1.1"]
[WhiteTitle "IM"]
[WhiteElo "2531"]
[BlackElo "2312"]
[WhiteClock "00:19:12"]
[BlackClock "00:02:27"]
[WhiteTeam "Hamburger SK"]
[BlackTeam "SC Bavaria Regensburg"]
[PlyCount "71"]
[WhiteFideId "12961523"]
[BlackFideId "16208188"]
[EventCountry "GER"]
[EventRounds "7"]
[EventType "team-swiss"]
[EventDate "2019.12.26"]

1. e4 {[%clk 1:30:58]} c5 {[%clk 1:30:53]} 2. Nf3 {[%clk 1:31:24]} d6 {[%clk
1:31:19]} 3. d4 {[%clk 1:31:49]} Nf6 {[%clk 1:31:46]} 4. Nc3 {[%clk 1:32:12]}
cxd4 {[%clk 1:32:14]} 5. Nxd4 {[%clk 1:32:34]} a6 {[%clk 1:32:43]} 6. Be3
{[%clk 1:32:27]} e5 {[%clk 1:33:07]} 7. Nb3 {[%clk 1:32:53]} Be6 {[%clk
1:33:33]} 8. f3 {[%clk 1:33:18]} h5 {[%clk 1:33:59]} 9. Nd5 {[%clk 1:33:43]}
Nxd5 {[%clk 1:32:27]} 10. exd5 {[%clk 1:34:05]} Bf5 {[%clk 1:32:52]} 11. Bd3
{[%clk 1:34:27]} Bxd3 {[%clk 1:32:58]} 12. Qxd3 {[%clk 1:34:50]} Nd7 {[%clk
1:32:56]} 13. O-O-O {[%clk 1:32:55]} g6 {[%clk 1:31:51]} 14. Kb1 {[%clk
1:29:39]} Qc7 {[%clk 1:27:28]} 15. f4 {[%clk 1:28:00]} Bh6 {[%clk 1:24:47]} 16.
Rhe1 {[%clk 1:25:55]} O-O-O {[%clk 1:19:32]} 17. f5 {[%clk 1:19:10]} Bxe3
{[%clk 1:16:07]} 18. Rxe3 {[%clk 1:19:32]} Rhg8 {[%clk 0:41:44]} 19. a4 {[%clk
1:15:11]} Kb8 {[%clk 0:39:40]} 20. g3 {[%clk 1:12:41]} Nb6 {[%clk 0:34:10]} 21.
fxg6 {[%clk 1:09:36]} Rxg6 {[%clk 0:32:20]} 22. Re4 {[%clk 1:04:39]} f5 {[%clk
0:31:26]} 23. Rh4 {[%clk 1:01:16]} Rc8 {[%clk 0:15:02]} 24. Qxf5 {[%clk
0:56:43]} Rg4 {[%clk 0:14:16]} 25. Rxg4 {[%clk 0:54:40]} hxg4 {[%clk 0:14:45]}
26. Rd2 {[%clk 0:48:04]} Nc4 {[%clk 0:10:49]} 27. Rf2 {[%clk 0:46:51]} b5
{[%clk 0:09:32]} 28. axb5 {[%clk 0:46:21]} a5 {[%clk 0:08:58]} 29. Qxg4 {[%clk
0:30:27]} a4 {[%clk 0:08:23]} 30. Nc1 {[%clk 0:29:24]} a3 {[%clk 0:07:13]} 31.
Nd3 {[%clk 0:22:52]} Ne3 {[%clk 0:04:55]} 32. Qa4 {[%clk 0:20:55]} Nxc2 {[%clk
0:03:14]} 33. b6 {[%clk 0:19:51]} a2+ {[%clk 0:02:34]} 34. Qxa2 {[%clk
0:18:42]} Qxb6 {[%clk 0:02:14]} 35. Rxc2 {[%clk 0:19:01]} Qg1+ {[%clk 0:02:27]}
36. Rc1 {[%clk 0:19:12]} 1-0

[Event "DVM U20 2019"]
[Site "Braunschweig GER"]
[Date "2019.12.28"]
[Round "4"]
[White "Schneider, Jana"]
[Black "Holinka, Henning"]
[Result "1-0"]
[Termination "normal"]
[Board "1.2"]
[WhiteTitle "FM"]
[WhiteElo "2210"]
[BlackElo "2233"]
[WhiteClock "00:44:07"]
[BlackClock "00:19:15"]
[WhiteTeam "SC Bavaria Regensburg"]
[BlackTeam "Hamburger SK"]
[PlyCount "87"]
[WhiteFideId "12924997"]
[BlackFideId "12967084"]
[EventCountry "GER"]
[EventRounds "7"]
[EventType "team-swiss"]
[EventDate "2019.12.26"]

1. e4 {[%clk 1:30:56]} g6 {[%clk 1:30:53]} 2. d4 {[%clk 1:31:21]} Bg7 {[%clk
1:31:11]} 3. Nc3 {[%clk 1:31:43]} d6 {[%clk 1:31:34]} 4. Be3 {[%clk 1:32:06]}
a6 {[%clk 1:31:58]} 5. Qd2 {[%clk 1:32:24]} b5 {[%clk 1:31:57]} 6. h4 {[%clk
1:32:41]} Nf6 {[%clk 1:31:48]} 7. f3 {[%clk 1:33:02]} h6 {[%clk 1:28:16]} 8.
O-O-O {[%clk 1:32:35]} Bb7 {[%clk 1:27:05]} 9. Nh3 {[%clk 1:29:40]} Nbd7 {[%clk
1:22:15]} 10. g4 {[%clk 1:19:56]} Rc8 {[%clk 1:16:51]} 11. g5 {[%clk 1:19:06]}
hxg5 {[%clk 1:15:37]} 12. hxg5 {[%clk 1:17:55]} Nh5 {[%clk 1:14:05]} 13. Nf4
{[%clk 1:17:27]} Nxf4 {[%clk 1:12:19]} 14. Rxh8+ {[%clk 1:17:51]} Bxh8 {[%clk
1:12:42]} 15. Bxf4 {[%clk 1:18:15]} c5 {[%clk 1:11:44]} 16. dxc5 {[%clk
1:16:58]} Nxc5 {[%clk 1:02:20]} 17. Qh2 {[%clk 1:10:27]} Bxc3 {[%clk 0:55:40]}
18. bxc3 {[%clk 1:10:50]} Qa5 {[%clk 0:52:19]} 19. Qh8+ {[%clk 1:05:39]} Kd7
{[%clk 0:51:52]} 20. Bh3+ {[%clk 1:04:38]} Ne6 {[%clk 0:48:16]} 21. Bxe6+
{[%clk 1:04:50]} fxe6 {[%clk 0:46:24]} 22. Qg7 {[%clk 1:05:08]} Rc6 {[%clk
0:41:08]} 23. Be5 {[%clk 1:01:43]} Qa3+ {[%clk 0:17:31]} 24. Kb1 {[%clk
1:01:37]} Rb6 {[%clk 0:16:27]} 25. Bd4 {[%clk 0:52:18]} b4 {[%clk 0:13:12]} 26.
c4 {[%clk 0:52:20]} Qxf3 {[%clk 0:10:35]} 27. Re1 {[%clk 0:50:58]} Rc6 {[%clk
0:08:21]} 28. Bf6 {[%clk 0:50:54]} Rxc4 {[%clk 0:05:18]} 29. Qxe7+ {[%clk
0:50:59]} Kc6 {[%clk 0:05:36]} 30. Qxe6 {[%clk 0:49:33]} Kb5 {[%clk 0:04:22]}
31. Qe8+ {[%clk 0:47:35]} Kc5 {[%clk 0:03:15]} 32. e5 {[%clk 0:39:01]} dxe5
{[%clk 0:00:58]} 33. Rxe5+ {[%clk 0:36:42]} Kb6 {[%clk 0:00:51]} 34. Qd8+
{[%clk 0:34:46]} Ka7 {[%clk 0:00:52]} 35. Re7 {[%clk 0:31:11]} Qf2 {[%clk
0:00:43]} 36. Qd3 {[%clk 0:30:58]} Qg1+ {[%clk 0:00:46]} 37. Kb2 {[%clk
0:31:21]} Qc5 {[%clk 0:01:04]} 38. Qxg6 {[%clk 0:28:54]} a5 {[%clk 0:00:44]}
39. Qd3 {[%clk 0:26:27]} a4 {[%clk 0:00:46]} 40. Rd7 {[%clk 0:26:15]} Ka6
{[%clk 0:00:46]} 41. Rd4 {[%clk 0:22:05]} Kb5 {[%clk 0:24:16]} 42. g6 {[%clk
0:48:38]} Qc6 {[%clk 0:21:01]} 43. Bg5 {[%clk 0:46:38]} Bc8 {[%clk 0:19:15]}
44. Rd5+ {[%clk 0:44:07]} 1-0

[Event "DVM U20 2019"]
[Site "Braunschweig GER"]
[Date "2019.12.28"]
[Round "4"]
[White "Engel, Robert"]
[Black "Oberhofer, Cédric"]
[Result "1/2-1/2"]
[Termination "normal"]
[Board "1.3"]
[WhiteElo "2075"]
[BlackElo "2260"]
[WhiteClock "00:06:55"]
[BlackClock "00:24:41"]
[WhiteTeam "Hamburger SK"]
[BlackTeam "SC Bavaria Regensburg"]
[PlyCount "84"]
[WhiteFideId "12974684"]
[BlackFideId "12941220"]
[EventCountry "GER"]
[EventRounds "7"]
[EventType "team-swiss"]
[EventDate "2019.12.26"]

1. e4 {[%clk 1:30:57]} c5 {[%clk 1:30:53]} 2. Nf3 {[%clk 1:31:23]} d6 {[%clk
1:31:15]} 3. d4 {[%clk 1:31:49]} cxd4 {[%clk 1:31:42]} 4. Nxd4 {[%clk 1:32:13]}
Nf6 {[%clk 1:32:07]} 5. Nc3 {[%clk 1:32:37]} a6 {[%clk 1:32:33]} 6. g3 {[%clk
1:33:03]} g6 {[%clk 1:31:59]} 7. Bg2 {[%clk 1:33:27]} Bg7 {[%clk 1:32:19]} 8.
O-O {[%clk 1:33:50]} O-O {[%clk 1:32:42]} 9. h3 {[%clk 1:33:41]} Nc6 {[%clk
1:30:56]} 10. Be3 {[%clk 1:34:05]} Bd7 {[%clk 1:30:34]} 11. Nde2 {[%clk
1:28:36]} b5 {[%clk 1:15:54]} 12. Nd5 {[%clk 1:22:05]} Rb8 {[%clk 1:11:59]} 13.
Rc1 {[%clk 1:14:40]} b4 {[%clk 1:03:40]} 14. b3 {[%clk 1:09:25]} a5 {[%clk
0:55:09]} 15. c4 {[%clk 1:08:02]} bxc3 {[%clk 0:52:31]} 16. Nexc3 {[%clk
1:07:30]} Nb4 {[%clk 0:41:39]} 17. Qd2 {[%clk 1:00:57]} Nbxd5 {[%clk 0:36:48]}
18. exd5 {[%clk 0:55:11]} a4 {[%clk 0:35:05]} 19. Nxa4 {[%clk 0:52:37]} Bxa4
{[%clk 0:35:04]} 20. bxa4 {[%clk 0:53:03]} Nd7 {[%clk 0:34:36]} 21. Rc4 {[%clk
0:46:21]} Ne5 {[%clk 0:28:57]} 22. Rb4 {[%clk 0:45:08]} Rc8 {[%clk 0:28:12]}
23. Bb6 {[%clk 0:41:53]} Nc4 {[%clk 0:16:25]} 24. Rxc4 {[%clk 0:41:18]} Qxb6
{[%clk 0:16:52]} 25. Rc6 {[%clk 0:31:34]} Qa7 {[%clk 0:16:26]} 26. Rfc1 {[%clk
0:30:32]} Rb8 {[%clk 0:14:39]} 27. R6c4 {[%clk 0:25:06]} Bf6 {[%clk 0:10:57]}
28. R1c2 {[%clk 0:21:50]} Kg7 {[%clk 0:09:59]} 29. a5 {[%clk 0:20:55]} Rb1+
{[%clk 0:09:54]} 30. Kh2 {[%clk 0:20:42]} Ra8 {[%clk 0:08:46]} 31. Ra4 {[%clk
0:19:50]} Qa6 {[%clk 0:08:48]} 32. Qe2 {[%clk 0:09:53]} Qxe2 {[%clk 0:08:19]}
33. Rxe2 {[%clk 0:10:13]} Rb5 {[%clk 0:08:22]} 34. a6 {[%clk 0:08:39]} Rb6
{[%clk 0:08:47]} 35. Be4 {[%clk 0:08:21]} Rbxa6 {[%clk 0:08:52]} 36. Rxa6
{[%clk 0:08:49]} Rxa6 {[%clk 0:09:21]} 37. Bd3 {[%clk 0:09:03]} Ra4 {[%clk
0:06:03]} 38. Rc2 {[%clk 0:08:07]} Ra3 {[%clk 0:05:47]} 39. Bc4 {[%clk
0:08:12]} Bd4 {[%clk 0:05:33]} 40. Bb3 {[%clk 0:07:47]} Bc5 {[%clk 0:05:55]}
41. Kg2 {[%clk 0:06:34]} Kf6 {[%clk 0:03:42]} 42. Re2 {[%clk 0:06:55]} h6
{[%clk 0:24:41]} 1/2-1/2

[Event "DVM U20 2019"]
[Site "Braunschweig GER"]
[Date "2019.12.28"]
[Round "4"]
[White "Dechant, Georg"]
[Black "Meyling, Lennart"]
[Result "0-1"]
[Termination "normal"]
[Board "1.4"]
[WhiteElo "2065"]
[BlackElo "1955"]
[WhiteClock "00:50:28"]
[BlackClock "00:46:12"]
[WhiteTeam "SC Bavaria Regensburg"]
[BlackTeam "Hamburger SK"]
[PlyCount "92"]
[WhiteFideId "12956716"]
[BlackFideId "12947130"]
[EventCountry "GER"]
[EventRounds "7"]
[EventType "team-swiss"]
[EventDate "2019.12.26"]

1. e4 {[%clk 1:30:57]} g6 {[%clk 1:30:41]} 2. d4 {[%clk 1:31:22]} Bg7 {[%clk
1:30:58]} 3. Nc3 {[%clk 1:31:48]} d6 {[%clk 1:31:19]} 4. Be3 {[%clk 1:32:10]}
a6 {[%clk 1:30:58]} 5. Qd2 {[%clk 1:32:29]} b5 {[%clk 1:30:59]} 6. O-O-O {[%clk
1:32:52]} Bb7 {[%clk 1:31:23]} 7. f3 {[%clk 1:33:19]} Nd7 {[%clk 1:31:47]} 8.
a3 {[%clk 1:33:27]} Rc8 {[%clk 1:32:08]} 9. g4 {[%clk 1:33:47]} h5 {[%clk
1:32:19]} 10. g5 {[%clk 1:34:11]} c5 {[%clk 1:32:10]} 11. Kb1 {[%clk 1:34:29]}
c4 {[%clk 1:29:14]} 12. Bh3 {[%clk 1:32:11]} e6 {[%clk 1:26:32]} 13. Nge2
{[%clk 1:28:03]} Rb8 {[%clk 1:22:24]} 14. Nf4 {[%clk 1:19:55]} Nf8 {[%clk
1:22:42]} 15. d5 {[%clk 1:18:02]} e5 {[%clk 1:22:57]} 16. Nfe2 {[%clk 1:18:28]}
Bc8 {[%clk 1:22:02]} 17. Bxc8 {[%clk 1:17:57]} Qxc8 {[%clk 1:22:22]} 18. Na2
{[%clk 1:18:06]} Nd7 {[%clk 1:18:18]} 19. Qa5 {[%clk 1:17:19]} Ne7 {[%clk
1:15:45]} 20. f4 {[%clk 1:15:11]} exf4 {[%clk 1:13:06]} 21. Bxf4 {[%clk
1:15:30]} Ne5 {[%clk 1:13:28]} 22. Nb4 {[%clk 1:13:41]} O-O {[%clk 1:06:47]}
23. Qxa6 {[%clk 1:13:44]} Qc7 {[%clk 1:06:06]} 24. Nd4 {[%clk 1:13:27]} Ra8
{[%clk 1:04:44]} 25. Nxb5 {[%clk 1:13:35]} Qd7 {[%clk 1:03:14]} 26. Qxd6 {[%clk
1:12:19]} Qxb5 {[%clk 1:03:32]} 27. Bxe5 {[%clk 1:11:39]} Rfd8 {[%clk 1:00:45]}
28. Qc7 {[%clk 1:07:27]} Rd7 {[%clk 0:59:40]} 29. Qxd7 {[%clk 1:03:29]} Qxd7
{[%clk 1:00:01]} 30. Bxg7 {[%clk 1:03:47]} Kxg7 {[%clk 1:00:22]} 31. Rhf1
{[%clk 1:03:51]} c3 {[%clk 0:59:38]} 32. Rd3 {[%clk 1:02:11]} cxb2 {[%clk
0:59:21]} 33. Rf6 {[%clk 0:58:26]} Qg4 {[%clk 0:54:52]} 34. d6 {[%clk 0:58:18]}
Qxg5 {[%clk 0:55:12]} 35. Rf1 {[%clk 0:58:40]} Nc8 {[%clk 0:54:49]} 36. d7
{[%clk 0:58:57]} Nb6 {[%clk 0:55:06]} 37. Nc6 {[%clk 0:58:57]} Qg2 {[%clk
0:46:27]} 38. Rfd1 {[%clk 0:56:20]} Nxd7 {[%clk 0:46:11]} 39. Rxd7 {[%clk
0:56:46]} Qxe4 {[%clk 0:45:59]} 40. Rf1 {[%clk 0:53:40]} Qxc6 {[%clk 0:45:33]}
41. Rfxf7+ {[%clk 0:54:05]} Kh6 {[%clk 0:45:53]} 42. Rh7+ {[%clk 0:54:22]} Kg5
{[%clk 0:46:10]} 43. Rb7 {[%clk 0:53:47]} Rxa3 {[%clk 0:46:23]} 44. h4+ {[%clk
0:51:24]} Kxh4 {[%clk 0:46:10]} 45. Rb4+ {[%clk 0:50:08]} Kg5 {[%clk 0:46:07]}
46. c4 {[%clk 0:50:28]} Qh1+ {[%clk 0:46:12]} 0-1

[Event "DVM U20 2019"]
[Site "Braunschweig GER"]
[Date "2019.12.28"]
[Round "4"]
[White "Roseneck, Jonas"]
[Black "Küppers, Timo"]
[Result "1-0"]
[Termination "normal"]
[Board "2.1"]
[WhiteTitle "FM"]
[BlackTitle "FM"]
[WhiteElo "2417"]
[BlackElo "2296"]
[WhiteClock "00:27:53"]
[BlackClock "00:26:58"]
[WhiteTeam "SG Aufbau Elbe Magdeburg"]
[BlackTeam "SF Katernberg"]
[PlyCount "88"]
[WhiteFideId "12939870"]
[BlackFideId "16205820"]
[EventCountry "GER"]
[EventRounds "7"]
[EventType "team-swiss"]
[EventDate "2019.12.26"]

1. e4 {[%clk 1:30:58]} c5 {[%clk 1:30:00]} 2. Nf3 {[%clk 1:31:24]} d6 {[%clk
1:30:26]} 3. d4 {[%clk 1:31:52]} cxd4 {[%clk 1:30:51]} 4. Nxd4 {[%clk 1:32:19]}
Nf6 {[%clk 1:31:16]} 5. Nc3 {[%clk 1:32:47]} a6 {[%clk 1:31:23]} 6. Be3 {[%clk
1:33:13]} e6 {[%clk 1:31:49]} 7. f3 {[%clk 1:33:41]} b5 {[%clk 1:32:13]} 8. Qd2
{[%clk 1:34:09]} Nbd7 {[%clk 1:32:39]} 9. g4 {[%clk 1:34:35]} b4 {[%clk
1:33:06]} 10. Nce2 {[%clk 1:34:40]} h6 {[%clk 1:33:30]} 11. O-O-O {[%clk
1:34:52]} Qc7 {[%clk 1:33:56]} 12. h4 {[%clk 1:35:00]} d5 {[%clk 1:34:21]} 13.
g5 {[%clk 1:35:16]} hxg5 {[%clk 1:34:42]} 14. exd5 {[%clk 1:35:42]} Nxd5 {[%clk
1:35:06]} 15. Bxg5 {[%clk 1:36:08]} N7f6 {[%clk 1:29:09]} 16. Nf4 {[%clk
1:27:18]} Be7 {[%clk 1:21:25]} 17. Bh3 {[%clk 0:55:05]} Nxf4 {[%clk 0:54:14]}
18. Bxf4 {[%clk 0:55:02]} Qb7 {[%clk 0:53:33]} 19. Rhe1 {[%clk 0:37:17]} Rxh4
{[%clk 0:30:37]} 20. Bg2 {[%clk 0:31:03]} Bd7 {[%clk 0:21:27]} 21. Nf5 {[%clk
0:24:12]} exf5 {[%clk 0:20:19]} 22. Rxe7+ {[%clk 0:24:39]} Kxe7 {[%clk
0:18:54]} 23. Qe1+ {[%clk 0:25:02]} Be6 {[%clk 0:13:38]} 24. Bd6+ {[%clk
0:25:29]} Kd7 {[%clk 0:12:49]} 25. Qxh4 {[%clk 0:25:54]} Nd5 {[%clk 0:11:55]}
26. Bxb4 {[%clk 0:25:43]} g5 {[%clk 0:12:07]} 27. Qd4 {[%clk 0:23:20]} f4
{[%clk 0:11:24]} 28. Qc5 {[%clk 0:18:51]} Qc6 {[%clk 0:10:15]} 29. c4 {[%clk
0:18:37]} Qxc5 {[%clk 0:06:14]} 30. Bxc5 {[%clk 0:19:06]} Kc6 {[%clk 0:06:32]}
31. cxd5+ {[%clk 0:19:33]} Bxd5 {[%clk 0:06:57]} 32. Be7 {[%clk 0:16:45]} Rh8
{[%clk 0:06:25]} 33. Rd2 {[%clk 0:06:17]} g4 {[%clk 0:06:03]} 34. b3 {[%clk
0:05:58]} Re8 {[%clk 0:02:13]} 35. Bh4 {[%clk 0:05:18]} Rh8 {[%clk 0:02:39]}
36. Bg5 {[%clk 0:05:04]} gxf3 {[%clk 0:02:51]} 37. Bf1 {[%clk 0:05:25]} Rh1
{[%clk 0:02:04]} 38. Rf2 {[%clk 0:04:59]} a5 {[%clk 0:02:24]} 39. Kb2 {[%clk
0:03:36]} Rg1 {[%clk 0:01:02]} 40. Bxf4 {[%clk 0:04:02]} f5 {[%clk 0:00:39]}
41. Be3 {[%clk 0:00:31]} Be4 {[%clk 0:27:23]} 42. Rxf3 {[%clk 0:27:45]} Bxf3
{[%clk 0:26:38]} 43. Bxg1 {[%clk 0:28:13]} a4 {[%clk 0:26:58]} 44. b4 {[%clk
0:27:53]} Kd5 1-0

[Event "DVM U20 2019"]
[Site "Braunschweig GER"]
[Date "2019.12.28"]
[Round "4"]
[White "Wagner, Benjamin"]
[Black "Döpper, Anna Bérénice"]
[Result "1-0"]
[Termination "normal"]
[Board "2.5"]
[WhiteElo "1994"]
[BlackElo "1855"]
[WhiteClock "00:15:10"]
[BlackClock "00:15:03"]
[WhiteTeam "SG Aufbau Elbe Magdeburg"]
[BlackTeam "SF Katernberg"]
[PlyCount "84"]
[WhiteFideId "12957330"]
[BlackFideId "1271853"]
[EventCountry "GER"]
[EventRounds "7"]
[EventType "team-swiss"]
[EventDate "2019.12.26"]

1. e4 {[%clk 1:30:58]} e6 {[%clk 1:30:57]} 2. d4 {[%clk 1:31:26]} d5 {[%clk
1:31:23]} 3. Nc3 {[%clk 1:31:52]} Nf6 {[%clk 1:31:51]} 4. Bg5 {[%clk 1:32:16]}
dxe4 {[%clk 1:32:18]} 5. Nxe4 {[%clk 1:32:39]} Be7 {[%clk 1:32:46]} 6. Bxf6
{[%clk 1:32:55]} gxf6 {[%clk 1:33:13]} 7. Nf3 {[%clk 1:33:13]} f5 {[%clk
1:33:40]} 8. Nc3 {[%clk 1:33:28]} Bf6 {[%clk 1:33:32]} 9. Bc4 {[%clk 1:32:18]}
a6 {[%clk 1:28:00]} 10. Qe2 {[%clk 1:22:24]} b5 {[%clk 1:24:03]} 11. Bd3 {[%clk
1:17:13]} O-O {[%clk 1:23:40]} 12. g4 {[%clk 1:11:55]} Nc6 {[%clk 1:14:28]} 13.
Rg1 {[%clk 1:04:43]} Kh8 {[%clk 1:14:00]} 14. O-O-O {[%clk 1:03:15]} b4 {[%clk
1:06:12]} 15. Ne4 {[%clk 0:53:50]} Nxd4 {[%clk 0:49:54]} 16. Nxd4 {[%clk
0:52:39]} Qxd4 {[%clk 0:48:37]} 17. Nxf6 {[%clk 0:52:50]} Qxf6 {[%clk 0:49:03]}
18. Rg3 {[%clk 0:41:10]} e5 {[%clk 0:33:51]} 19. gxf5 {[%clk 0:33:38]} Bxf5
{[%clk 0:33:43]} 20. Qf3 {[%clk 0:29:25]} Qh6+ {[%clk 0:33:55]} 21. Kb1 {[%clk
0:29:50]} Bxd3 {[%clk 0:34:17]} 22. Qxd3 {[%clk 0:30:06]} Rg8 {[%clk 0:31:30]}
23. Qc4 {[%clk 0:21:15]} Rxg3 {[%clk 0:30:10]} 24. hxg3 {[%clk 0:21:23]} Qf6
{[%clk 0:24:53]} 25. Qxc7 {[%clk 0:20:59]} Qxf2 {[%clk 0:25:05]} 26. Qxe5+
{[%clk 0:21:18]} Kg8 {[%clk 0:25:00]} 27. Qe4 {[%clk 0:19:40]} Rf8 {[%clk
0:23:44]} 28. Rh1 {[%clk 0:19:05]} f5 {[%clk 0:24:05]} 29. Qxb4 {[%clk
0:18:32]} Qxg3 {[%clk 0:23:25]} 30. Qd4 {[%clk 0:17:02]} f4 {[%clk 0:19:19]}
31. Rg1 {[%clk 0:17:09]} Rf7 {[%clk 0:19:44]} 32. c4 {[%clk 0:13:44]} Qg6+
{[%clk 0:18:42]} 33. Rxg6+ {[%clk 0:13:51]} hxg6 {[%clk 0:19:09]} 34. Qe4
{[%clk 0:13:11]} Rf6 {[%clk 0:17:05]} 35. Qf3 {[%clk 0:13:28]} g5 {[%clk
0:16:07]} 36. c5 {[%clk 0:13:50]} Rf7 {[%clk 0:16:25]} 37. c6 {[%clk 0:14:12]}
Kg7 {[%clk 0:13:33]} 38. Qd5 {[%clk 0:13:46]} Kg6 {[%clk 0:13:48]} 39. Qxf7+
{[%clk 0:13:57]} Kxf7 {[%clk 0:14:12]} 40. c7 {[%clk 0:14:22]} Kf6 {[%clk
0:14:37]} 41. c8=Q {[%clk 0:14:46]} Ke5 {[%clk 0:15:03]} 42. Qg4 {[%clk
0:15:10]} Kd5 1-0